| 000 | 00727nam a2200181Ia 4500 | ||
|---|---|---|---|
| 001 | 6563 | ||
| 008 | 260622s9999 xx 000 0 und d | ||
| 245 | 0 |
_aUruk Pottery: Origin & Distribution/ Bahnam Abu Al Soof PhD = _bفخار عصر الوركاء: أصله و انتشاره؟ د. بہنام ابو الصوف |
|
| 260 |
_bطبع بمطابع جامعة الموصل؛ المؤسسة العامة للآثار و التراث، وزارة الثقافة و العلام، الجمهورية العراق؛ _c1985 |
||
| 300 |
_a204p; _c23x17cm |
||
| 546 | _aEnglish | ||
| 648 | _aAncient | ||
| 650 | _aCC1-960 Archaeology | ||
| 650 |
_aPottery _99409 |
||
| 651 | _aIraq | ||
| 655 |
_aResearch report _99410 |
||
| 942 | _cBK | ||
| 999 |
_c6563 _d6563 |
||